000 00774nam a2200217 i 4500
001 bgj
100 1 _aSWAN, Michael
_d(1936- ).
245 4 0 _aThe Good Grammar Book :
_ba grammar practice book for elementary to lower-intermediate students of English : with answers /
_cMichael Swan and Catherine Walter.
260 _aOxford :
_bOxford University Press,
_c2001.
300 _aXII, 324 pp :
_bill. ;
_c27 cm.
505 _aIncludes index.
650 9 _aEnglish language
_xTextbooks for foreign speakers
650 9 _aEnglish language
_xForeign speakers
_xStudy and teaching
700 1 _aWALTER, Catherine.
_eco-author
020 _a0194315193
040 _cBPK
041 _aeng
920 _a0-19-431519-3
942 _cKS
008 s uk f |000 0 eng
999 _c48575
_d48575
856 _uhttp://koha.tu.koszalin.pl/cgi-bin/koha/opac-detail.pl?biblionumber=48575
_yKatalog online BPK